A manual of experiments to accompany "A first course in physics for colleges," (Record no. 16753)

MARC details
000 -LEADER
fixed length control field 00859cam a22002291 4500
001 - CONTROL NUMBER
control field ca 31000049
003 - CONTROL NUMBER IDENTIFIER
control field DLC
005 - DATE AND TIME OF LATEST TRANSACTION
control field 20260227111124.0
008 - FIXED-LENGTH DATA ELEMENTS--GENERAL INFORMATION
fixed length control field 891129s1930 maua 000 0 eng
010 ## - LIBRARY OF CONGRESS CONTROL NUMBER
LC control number ca 31000049
035 ## - SYSTEM CONTROL NUMBER
System control number (OCoLC)20711030
040 ## - CATALOGING SOURCE
Original cataloging agency DLC
Transcribing agency PPT-M
Modifying agency DLC
042 ## - AUTHENTICATION CODE
Authentication code premarc
050 00 - LIBRARY OF CONGRESS CALL NUMBER
Classification number QC23
Item number .M646 1928 Manual
100 1# - MAIN ENTRY--PERSONAL NAME
Personal name Millikan, Robert Andrews,
Dates associated with a name 1868-1953.
245 12 - TITLE STATEMENT
Title A manual of experiments to accompany "A first course in physics for colleges,"
Statement of responsibility, etc. by Robert Andrews Millikan ... Henry Gordon Gale ... and Charles William Edwards ...
260 ## - PUBLICATION, DISTRIBUTION, ETC.
Place of publication, distribution, etc. Boston, New York [etc.]
Name of publisher, distributor, etc. Ginn and company,
Date of publication, distribution, etc. [c1930]
300 ## - PHYSICAL DESCRIPTION
Extent vi, 221 p.
Other physical details illus., diagrs.
Dimensions 26 cm.
650 #0 - SUBJECT ADDED ENTRY--TOPICAL TERM
Topical term or geographic name entry element Physics
General subdivision Experiments.
700 1# - ADDED ENTRY--PERSONAL NAME
Personal name Gale, Henry Gordon,
Dates associated with a name 1874-1942
Relator term joint author.
700 1# - ADDED ENTRY--PERSONAL NAME
Personal name Edwards, Charles William,
Dates associated with a name 1873-1955,
Relator term joint author.

No items available.

Powered by Koha